000 00439nam a2200181Ia 4500
001 16144
005 20260306170248.0
008 260306t2011||||xx |||||||||||||| ||und||
041 _aESP
082 _a347
_bG73
100 _aGoñi Sein, José Luis
_eAUT
245 0 _aÉtica empresarial y códigos de conducta
260 _c2011
300 _a638 páginas :
_c24 cm.
650 _aGEN
654 _aCAN
942 _cLIB
_dJUS
_fJUS
_2ddc
_n
999 _c16144
_d16144